000 00319nam a2200097Ia 4500
008 220120s9999||||xx |||||||||||||| ||und||
100 _aHarigovind, P. K and Hilal Ahemed
_912039
245 0 _aCostomer relation package
260 _aCoorg Institute of Technology
_bPonnampet
_c2005
650 _aELECTRONICS AND COMMUNICATIONS
999 _c137623
_d137623